000 00555nam a22002177a 4500
003 GBCCL
005 20260219122329.0
008 260219b |||||||| |||| 00| 0 eng d
040 _cGBC
082 _a269.2092
_bGUI 1
100 _aGuite, Robert Ginsuanlian
245 _aEvan. Thangvang Guite :
_bfirst Paite Christian
260 _aGangpimual :
_bAuthor
_c2026
300 _a183p. ;
650 _aGuite, Thangvang
650 _aEvangelistic work
650 _aMissions
650 _aNorth East India
650 _aPaite
942 _2ddc
_cBK
_n0
999 _c11145
_d11145